| 000 | 00839cam a22002651 4500 | ||
|---|---|---|---|
| 001 | 2849 | ||
| 003 | BD-RjUL | ||
| 005 | 20211208233629.0 | ||
| 008 | 131217s1961 nyua 001 0 eng | ||
| 035 | _a(BD-RjUL)2876 | ||
| 035 | _a(OCoLC)255025 | ||
| 040 |
_aDLC _cODaWU _dOCoLC _dUk _dDLC _dBD-RjUL _beng |
||
| 041 | _aeng | ||
| 082 | 0 | 0 |
_a301.151 _bETC 1961 |
| 100 | 1 |
_aEtzioni, Amitai, _95201 |
|
| 245 | 1 | 0 |
_aComplex organizations : _ba sociological reader / _cAmitai Etzioni. |
| 260 |
_aNew York : _bHolt, Rinehart and Winston, _cc1961 [Reprinted 1966] |
||
| 300 |
_a497 p. : _billus. ; _c22 cm. |
||
| 500 | _aSecond ed. published in 1969 under title: A sociological reader on complex organizations. | ||
| 504 | _aIncludes index. | ||
| 650 | 0 |
_aOrganization. _99141 |
|
| 942 |
_2ddc _cBK |
||
| 999 |
_c2849 _d2849 |
||